Most Populous Modern-Day Countries in 1800 AD - Statistics

General Stats
  • This quiz has been taken 67,508 times
  • The average score is 15 of 18
Answer Stats
Population Country % Correct
295 m China
100%
255 m India
98%
12 m United Kingdom
98%
27 m France
97%
21 m Russia
96%
21 m Germany
95%
11 m Spain
93%
17 m Italy
92%
29 m Japan
91%
7 m Turkey
83%
8 m Mexico
82%
16 m Indonesia
80%
9 m Pakistan
76%
8 m Poland
76%
18 m Bangladesh
65%
13 m Nigeria
64%
9 m Ukraine
60%
7 m D.R. Congo
52%
No matching quizzes found
Score Distribution
Percent of People with Each Score
Percentile by Number Answered
Your Score History
You have not taken this quiz